000
00191nam a2200085Ia 4500
008
170617s9999 xx 000 0 und d
100
_a
Pine-Stanly H.
245
0
_a
Organic Chemistry
260
_b
TMH Delhi
260
_c
2011
999
_c
15817
_d
15817